| 000 | 00362nam a2200157Ia 4500 | ||
|---|---|---|---|
| 100 | _aLogan/Daryl L | ||
| 650 | _aFinite element method | ||
| 942 | _cBK | ||
| 366 | _f17.5 | ||
| 654 | _afinite element | ||
| 245 | _aFirst course in the Finite Element method | ||
| 260 |
_bCengage Learning _aMumbai _c2007 |
||
| 300 | _a808 | ||
| 546 | _aENGLISH | ||
| 999 |
_c34853 _d34853 |
||